00553nam a2200169Ia 4500008004000000020001800040082001700058100001700075245002600092260004800118300001200166650002700178690002300205906001100228999001700239952012700256210210b1977 xxu||||| |||| 00| 0 eng d a0 582 44016 5 a658.001 HAGM aHAGUE (D C). aManagerial economics. aLondon.bELBS and Longman Group Ltd.,c1977 avii,356 aManagerial Economics  aBusiness Economics a033588 c84161d84161 001040708ManagementaALbALcManagementd2021-02-17g0.00l0o658.001 HAGMp033588r2021-02-17 00:00:00w2021-02-17yBK